000 00286nam a22001337a 4500
008 171102b xxu||||| |||| 00| 0 eng d
020 _a0879674768
041 _aeng
080 _a530.14
100 _a59
101 _aKAP
245 _aTHE SUPPLY SIDE
_cSWARTZ,TH.R
942 _2udc
_cBK
999 _c37192
_d37192